| 000 | 00865nam a2200217Ia 4500 | ||
|---|---|---|---|
| 999 |
_c49953 _d49953 |
||
| 001 | 16889 | ||
| 003 | GE_BSU | ||
| 005 | 20260422114151.0 | ||
| 008 | 181216s1964||||ge |||||||||||||| ||geo|| | ||
| 040 | _cGE_BSU | ||
| 041 | _ageo | ||
| 080 | _a821.161.1-32 ტ-46 | ||
| 100 |
_aტენდრიაკოვი, ვლ. _927352 |
||
| 245 |
_aსასწაულმოქმედი : _b[მოთხრობა] / _c ვლ. ტენდრიაკოვი; მთაგმნ.: ბ. სიხარულიძე. |
||
| 264 |
_aთბილისი: _bსაბჭ. საქართველო, _c1964. |
||
| 300 |
_a114 გვ. ; _b20 სმ. |
||
| 653 | _aმოთხრობა | ||
| 653 | _aსასწაულმოქმედი | ||
| 700 |
_aსიხარულიძე, ბ. _eმთარგმნელი _916540 |
||
| 942 |
_cBK _2udc |
||